Compendio de religión [y moral cristiana]

Salvato in:
Dettagli Bibliografici
Autore principale: Macías y Macías, Luis .
Natura: Libro
Lingua:spagnolo
Pubblicazione: Sevilla : Tipografía La Industria, 1895-1896
Catalogo:MANES:  Risultati della ricerca del catalogo della biblioteca
Libro di testo Classificazione:
Soggetti:
Tags: Aggiungi Tag
Nessun Tag, puoi essere il primo ad aggiungerne!!
Aggiunto a:2019-02-09
Cambiato in:2025-05-07

MARC

LEADER 00000cam a2200000 4500
005 20250507134541.0
008 190210m18951896esp 0000 00spa0d
040 |a uned  |b spa  |c entro-manes 
100 1 |a Macías y Macías, Luis .  |9 40361 
245 1 0 |a Compendio de religión [y moral cristiana] /  |c por Luis Macías y Macías 
260 |a Sevilla :   |b Tipografía "La Industria",   |c 1895-1896 
300 |a 269, 171 p. 
505 2 |g [2ª parte].   |t Compendio de moral cristiana. 1895. 171 p. 
546 |a España 
561 |5 es-BUNED  |3 L.T. 1833  |a España. Fondo Manes UNED  |k MANES 
650 7 |a Sacramentos  |9 36256  |a Teología moral  |9 28620  |a Enseñanza religiosa 
942 |2 ddc  |c BK 
999 |c 97043  |d 97043 
999 |c manes:97043  |d 97043